Datum a čas kvízu
31
Celkem bodů
Celkový počet nahraných bodů na tomto kvízu bez doplňovacích otázek.
9.
Pořadí na kvízu
Konečné umístění týmu na tomto kvízu.
Zaznamenané odpovědi
| # | Otázka | Odpověď | Body | Výsledky |
|---|---|---|---|---|
| 1. | Obyvatele jednoho českolipskéh... | velký balvan | 1 | |
| 2. | Státy EU a zástupci Evropského... | D | 1 | |
| 3. | Která slovenská kapela minulý... | Elán | 1 | |
| 4. | Společnost Nokian představila... | A | 0 | |
| 5. | Americká běžkyně Jessica McCla... | C | 1 | |
| 6. | Vítězné téma facebookového hla... | 1B 2D 3C 4A | 0 | |
| 7. | Která ženská postava běží na k... | Bridget Jones | 1 | |
| 8. | „Celou dobu mi do nosu tekla v... | Tobey Maguire | 1 | |
| 9. | Tento filmový polibek byl insp... | 1952 | 1 | |
| 10. | Jak se jmenují filmové postavy... | Lady a Tramp | 0 |